zpět

Detail výsledku týmu

The Pub Praha 2 ST, Praha

Datum a čas kvízu

26.5 Celkem bodů Celkový počet nahraných bodů na tomto kvízu bez doplňovacích otázek.
14. Pořadí na kvízu Konečné umístění týmu na tomto kvízu.

Zaznamenané odpovědi

# Otázka Odpověď Body Výsledky
1. Který hudebník narozený v roce... Vladimír Mišík 1
2. Poměrně neobvyklé záběry se do... ve Španělsku 0
3. Ve čtvrtek měl v Hudebním diva... Anděl Páně 0
4. Která dvě křestní jména (jedno... Eliška, Jakub 1
5. Které dvě země se utkaly v sob... Jihoafrická republika, Nový Zéland 0.5
6. Naše téma nezačneme v kurníku,... Fabergého vejce 1
7. Barvíte velikonoční vajíčka? T... 1C 2A 3B 4D 0
8. Která z vajec na obrázku snesl... B 1
9. Napište název americké romanti... 50x a stále poprvé 0
10. Vyberte nepravdivé tvrzení. D 0